Defence planning: Problems and prospects (Record no. 395351)

MARC details
000 -LEADER
fixed length control field 00506 a2200193 4500
005 - DATE & TIME
control field 20260319101020.0
008 - FIXED-LENGTH DATA ELEMENTS--GENERAL INFORMATION
fixed length control field 260318b |||||||| |||| 00| 0 eng d
020 ## - ISBN
International Standard Book Number 9789387657021
Price Rs. 1095.00
040 ## - CATALOGING SOURCE
Original cataloging agency VIVEKANANDA LIBRARY
082 ## - DDC NUMBER
Classification number 355.02
Book Number J559D
100 ## - MAIN ENTRY--PERSONAL NAME
Personal name Jha, Vipin
245 ## - TITLE STATEMENT
Title Defence planning: Problems and prospects
260 ## - PUBLICATION, DISTRIBUTION, ETC. (IMPRINT)
Name of publisher, distributor, etc Gaurav Book Centre
Date of publication, distribution, etc 2019
Place of publication, distribution, etc New Delhi
300 ## - PHYSICAL DESCRIPTION
Pages 221
650 ## - Subject
Subject Military Science
650 ## - Subject
Subject Military Policy
650 ## - Subject
Subject Defence Planning
942 ## - ADDED ENTRY ELEMENTS (KOHA)
Koha item type Books
Holdings
Withdrawn status Lost status Source of classification or shelving scheme Damaged status Not for loan Location (home branch) Sublocation or collection (holding branch) Shelving location Date acquired Koha issues (times borrowed) Koha full call number Accession No. Koha date last seen Koha item type
    Dewey Decimal Classification     VIVEKANANDA LIBRARY VIVEKANANDA LIBRARY Vivekananda Library 21/01/2026   355.02 J559D 444586 21/01/2026 Books
© Designed and Maintained by Vivekananda Library, MDU Rohtak